Statistics for la tarte au caca

Click here to take the quiz!

General Stats

  • This quiz has been taken 34 times
  • The average score is 3 of 11

Answer Stats

HintAnswer% Correct
Pourquoi?Feur
53%
Quel est l’ingrédient principal d’une tarte au caca?Sucre
53%
Quel est son deuxième ingrédient principal?Le caca
47%
De quelle hauteur était la caution du meilleur bal de l’année?1500.-
27%
Comment?Comment je m’en bas les couilles
27%
Dans quelle ville s’est passé cet action?Saint-Gall
27%
Quel archidiacre genevois a demandé une tarte au caca?Thomas
27%
Quel animal cru extinct est réapparu à une soirée à Saint-Gall?T-Rex
20%
Quel jeu d’alcool est le jeu estival préféré d’un Saint-gallois/ Lausannois?Beerling
13%
Qui risque de rater ses examens en passant trop de temps sur jetpunk?Edouard
13%
A quel jeu ont beaucoup joué les étudiants saint-gallois durant leurs pauses?Geoguessr
13%

Score Distribution

Percentile by Number Answered

Percent of People with Each Score

Your Score History

You have not taken this quiz